000 00261nam a2200109Ia 4500
008 200302s9999 xx 000 0 und d
100 _aMaria Alessandra Segantini
245 _aContemporary Housing
260 _bSkira Publication
260 _c2008
300 _a334
999 _c4351
_d4351